|
|
|
|
| LEADER |
01028cam a2200217 7i4500 |
| 001 |
0000052249 |
| 005 |
20200201090000.0 |
| 008 |
190225 eng |
| 090 |
0 |
0 |
|a HG8051
|b .P76 2014
|
| 245 |
0 |
0 |
|a Protecting takaful against the risk of failure :
|b a critical appraisal of the Takaful Benefits Protection System (TBPS) in Malaysia
|c research team Dr. Said Adekunle Mikail ... [et al.].
|
| 260 |
|
|
|a Kuala Lumpur:
|b International Shari'ah Research Academy for Islamic Finance (ISRA),
|c 2014.
|
| 300 |
|
|
|a 32 p.:
|b ill.;
|c 30 cm.
|
| 490 |
0 |
|
|a Research paper;
|v No. 66/2014
|
| 500 |
|
|
|a Gift: International Shari'ah Research Academy for Islamic Finance (ISRA)
|
| 504 |
|
|
|a Includes bibliographical references
|
| 650 |
0 |
0 |
|a Insurance law (Islamic law) --
|z Malaysia
|
| 650 |
0 |
0 |
|a Insurance --
|x Religious aspects --
|x Islam
|
| 650 |
0 |
0 |
|a Insurance, Takaful
|
| 650 |
0 |
0 |
|a Risk (Insurance)
|
| 700 |
1 |
|
|a Mikail, Said Adekunle
|
| 999 |
|
|
|a 0000063978
|b BOK
|c CLOSED ACCESS COLLECTION
|e ISRA Corner, 2nd Floor, Shah Alam
|